| 000 | 00000cam 2200000za 4500 |
| 001 | 9.855729 |
| 003 | CaOODSP |
| 005 | 20260225075358 |
| 007 | cr ||||||||||| |
| 008 | 180425s2018 quc ob f000 0 fre d |
| 040 | |aCaOODSP|bfre |
| 043 | |an-cn--- |
| 086 | 1 |aP29-003-023-2018F-PDF |
| 245 | 00|aCarburéacteur d'aviation (grades JET A et JET A-1) |h[ressource électronique]. |
| 250 | |a[Édition d'avril 2018]. |
| 260 | |aGatineau : |bOffice des normes générales du Canada : |bConseil canadien des normes, |c2018. |
| 300 | |ai, 16 p. |
| 490 | 1 |aNorme nationale du Canada ; |vCAN/CGSB-3.23-2018 |
| 500 | |a« Avril 2018. » |
| 500 | |a« Expérience et excellence » -- Couv. |
| 500 | |aRemplace CAN/CGSB-3.23-2016. |
| 500 | |aPubl. aussi en anglais sous le titre : Aviation turbine fuel (grades JET A and JET A-1). |
| 504 | |aComprend des réf. bibliogr. |
| 520 | |a« La présente norme s'applique à deux grades de carburéacteur d'aviation de type kérosène (grades JET A et JET A-1) constitués d'hydrocarbures classiques, d'hydrocarbures synthétiques, de produits d'origine naturelle autres que des hydrocarbures de pétrole et des additifs indiqués dans la présente norme » -- Objet, p. 1. |
| 692 | 07|2gccst|aCombustible |
| 692 | 07|2gccst|aNorme |
| 692 | 07|2gccst|aIndustrie de l'aéronautique |
| 710 | 2 |aOffice des normes générales du Canada. |
| 710 | 2 |aConseil canadien des normes. |
| 775 | 08|tAviation turbine fuel (grades JET A and JET A-1) |w(CaOODSP)9.855727 |
| 794 | |tCarburéacteur d'aviation (grades JET A et JET A-1).|b[Édition de mai 2019]|w(CaOODSP)9.872041 |
| 795 | |tCarburéacteur d'aviation (grades JET A et JET A-1) |b[Édition de novembre 2016]|w(CaOODSP)9.839457 |
| 830 | #0|aNorme nationale du Canada ;|vCAN/CGSB-3.23-2018.|w(CaOODSP)9.504227 |
| 856 | 40|qPDF|s761 Ko|uhttps://publications.gc.ca/collections/collection_2018/ongc-cgsb/P29-003-023-2018-fra.pdf |
| 986 | |aICS 75.160.20 |